Earth as an evolving planetary system (Record no. 144537)
[ view plain ]
| 000 -LEADER | |
|---|---|
| fixed length control field | 01369nam a2200337 a 4500 |
| 082 04 - DEWEY DECIMAL CLASSIFICATION NUMBER | |
| Classification number | 551.1 |
| 100 1# - MAIN ENTRY--AUTHOR NAME | |
| Personal name | Condie, Kent C. |
| 245 10 - TITLE STATEMENT | |
| Title | Earth as an evolving planetary system |
| 260 ## - PUBLICATION, DISTRIBUTION, ETC. (IMPRINT) | |
| Place of publication | Amsterdam ; |
| -- | Boston : |
| Name of publisher | Elsevier Academic Press, |
| Year of publication | c2005. |
| 300 ## - PHYSICAL DESCRIPTION | |
| Number of Pages | xiv, 447 p. : |
| Other physical details | ill. (some col.), maps (some col.). |
| 500 ## - GENERAL NOTE | |
| General note | Rev. ed. of: Plate tectonics and crustal evolution. 4th ed. 1997. |
| 650 #0 - SUBJECT ADDED ENTRY--TOPICAL TERM | |
| Topical Term | Plate tectonics. |
| 700 1# - ADDED ENTRY--PERSONAL NAME | |
| Personal name | Condie, Kent C. |
| 856 40 - ELECTRONIC LOCATION AND ACCESS | |
| Uniform Resource Identifier | http://site.ebrary.com/lib/rucke/Doc?id=10180362 |
No items available.
